Quizzes
Events
Quiz Creation
Community
Videos
Private Events
Remove Ads
Sign In
Join for FREE
Feedback
Dark Mode
Quiz Categories
Sports
Geography
Music
Movies
Television
Just For Fun
Miscellaneous
History
Literature
Language
Science
Gaming
Entertainment
Religion
Holiday
For Kids
Quiz Lab
Recent
Popular Today
Quiz Kudos Today
Editor Picks
Curator Picks
Quizzes by...
Day
Popularity
Type
Ratings
Length
Year
Community
Subscriptions
Recent Discussions
Orange Saloon
Badges
Playlists
Quests
Create
Leaderboards
Showdown
Live 5
Trivia Bingo
Activity
Puzzle Library
Sporcle Events
Private Events
Virtual Trivia
Globe League
Become a Host
Pub Owners
SporcleCon
Opinionation
Our Games
Videos
Blog
Mobile Apps
Partnerships
Remove Ads and Go Orange
Feedback
Music
Pop Music
The Beatles
Song
Album
Lyrics
Bands
Singers
Artist
Clip
Rock
Rap
Classical
Billboard
Country Music
Kpop
Taylor Swift
Music
Pop Music
The Beatles
Song
Album
Lyrics
Bands
Singers
Artist
Clip
Rock
Rap
Classical
Billboard
Country Music
Kpop
Taylor Swift
Random Quiz
Search Sporcle
×
Quiz Lab
Quiz Lab
Music
Album
Type in answers that appear in a list
Type in answers that appear in a list
Classic
Best Score? Go Orange.
'The Night They Drove Old Dixie Down' Lyrics Stats
Can you name the the Lyrics to The Band's 'The Night They Drove Old Dixie Down'?
By
FelixtheBear
10m
271 Questions
1,675 Plays
1,675 Plays
1,675 Plays
Comments
Comments
Give Quiz Kudos
Give Quiz Kudos
-
- Ratings
hide this ad
More Info
Replay
Link that replays current quiz
Next Quiz
Link to next quiz in quiz playlist
You Got
0%
They Got
Avg Score
83%
Avg Friend Score
Upgrade to see
Score Distribution
Jump to the score distribution portion of the page
Score
0/271
Timer
10:00
0
Plays Today
Lyric
% Correct
the
99.5%
the
99.5%
the
99.5%
the
99.5%
the
99.5%
The
99.5%
the
99.5%
The
99.5%
the
99.5%
the
99.5%
the
99.5%
the
99.5%
The
99.5%
the
99.5%
The
99.5%
the
99.5%
the
99.5%
the
99.5%
The
99.5%
the
99.5%
The
99.5%
the
99.5%
The
99.5%
the
99.5%
The
99.5%
the
99.5%
oh
98.9%
night
97.6%
they
97.6%
night
97.6%
they
97.6%
They
97.6%
they
97.6%
night
97.6%
they
97.6%
night
97.6%
they
97.6%
They
97.6%
night
97.6%
they
97.6%
night
97.6%
they
97.6%
They
97.6%
night
97.6%
they
97.6%
night
97.6%
they
97.6%
They
97.6%
drove
97.6%
Dixie
97.6%
drove
97.6%
Dixie
97.6%
drove
97.6%
Dixie
97.6%
drove
97.6%
Dixie
97.6%
drove
97.6%
Dixie
97.6%
drove
97.6%
Dixie
97.6%
drove
97.6%
Dixie
97.6%
drove
97.6%
Dixie
97.6%
old
97.4%
down
97.4%
old
97.4%
down
97.4%
old
97.4%
down
97.4%
old
97.4%
down
97.4%
old
97.4%
down
97.4%
old
97.4%
down
97.4%
old
97.4%
down
97.4%
old
97.4%
down
97.4%
a
97%
a
97%
a
97%
a
97%
I
96.7%
I
96.7%
I
96.7%
I
96.7%
I
96.7%
I
96.7%
And
96.1%
Lyric
% Correct
And
96.1%
And
96.1%
And
96.1%
And
96.1%
And
96.1%
And
96.1%
And
96.1%
And
96.1%
and
96.1%
And
96.1%
And
96.1%
And
96.1%
And
96.1%
We
94.9%
were
94.1%
were
94.1%
were
94.1%
were
94.1%
were
94.1%
were
94.1%
were
94.1%
were
94.1%
were
94.1%
Na x 18
92.7%
Na x 18
92.7%
Na x 18
92.7%
Na x 18
92.7%
me
91%
me
91%
me
91%
singing
90.8%
singing
90.8%
singing
90.8%
singing
90.8%
people
90.1%
people
90.1%
people
90.1%
people
90.1%
In
88.9%
in
88.9%
in
88.9%
in
88.9%
E.
88.8%
to
88.8%
is
88.2%
my
87.8%
my
87.8%
my
87.8%
my
87.8%
on
87.5%
all
86.5%
all
86.5%
all
86.5%
all
86.5%
You
85.4%
you
85.4%
you
85.4%
You
85.4%
Virgil
83.9%
Virgil
83.9%
Lee
83.7%
Robert
83.3%
went
82.7%
went
82.7%
went
82.7%
went
82.7%
Kane
82.5%
name
82.2%
just
82.2%
just
82.2%
of
82%
He
81.8%
so
81.3%
Kane
80.7%
There
80.6%
bells
79.7%
ringing
79.7%
bells
79.7%
ringing
79.7%
bells
79.7%
ringing
79.7%
bells
79.7%
ringing
79.7%
was
79.6%
up
78.9%
up
78.9%
no
78.7%
train
77.5%
When
77.4%
When
77.4%
come
77.4%
Lyric
% Correct
But
77.3%
But
77.3%
came
76.9%
goes
76.5%
if
75.9%
see
75.3%
take
75.2%
what
75.1%
alive
74.9%
barely
74.4%
winter
73.8%
well
73.7%
Have
73.7%
hungry
73.5%
his
73.4%
don't
73.4%
don't
73.4%
very
73.4%
best
73%
'65
72.9%
brother
72.7%
quick
72.5%
never
72.3%
him
72.2%
father
72.2%
Like
72.1%
like
72.1%
good
71.9%
before
71.9%
she
71.1%
rest
71.1%
should
70.7%
work
70.1%
again
69.8%
can't
69.8%
taken
69.7%
leave
69.6%
Back
69.2%
back
69.2%
care
69%
Yankee
69%
remember
68.9%
grave
68.3%
money's
68.2%
took
68.1%
mind
68%
wood
68%
time
68%
chopping
67.4%
need
66.7%
'Til
66.3%
tracks
66.2%
wife
66.1%
By
65.4%
by
65.4%
tore
65.1%
day
64.8%
one
64.6%
stand
64.3%
Tennessee
64%
rebel
64%
with
63.7%
eighteen
63.6%
Danville
63.1%
raise
63.1%
he's
62.7%
land
62.4%
laid
61.9%
It's
60.6%
Now
60.4%
cavalry
59.6%
Richmond
59.4%
proud
59.1%
fell
58%
brave
57.8%
defeat
56.9%
swear
56.2%
feet
55.4%
had
55.3%
served
53.5%
below
52.2%
will
51.4%
called
50.7%
Who
50.4%
mud
47.7%
May
40.8%
Stoneman's
40.4%
10th
36.9%
above
35.6%
Quiz Playlist
Details
Report
Send in Message
Add To Playlist
More Info:
Rest in Peace, Levon.
Classic:
Type in answers that appear in a list
Quiz Source
Last Updated: Jun 19, 2017
Quiz Scoreboard
CHALLENGE
Sign Up to Join the Scoreboard
Show All
Scores
Hide
Comments
May contain spoilers
Recently Published
Alphabetical 'K' Countries by Flag Minefield
by ylime102
Geography
3m
Pick 6: Fruits
by JohnFran
Miscellaneous
15s
Click the 1999 NBA Draft
by nibperrychub
Sports
2m
More to Explore
Quiz From the Vault
Featured Blog Post
15 Basketball Trivia Facts You Can Be March Mad About
hide this ad
You Might Also Like...
Tags
Album Quiz
Lyrics Quiz
Song Quiz
Civil War
Confederacy
Dixie
The Band
union
Today's Top Quizzes in Music
Browse Music
hide this ad
Today's Top Quizzes in Album
Browse Album
Top Contributed Quizzes in Music
1
Taylor Swift All Songs (2024)
2
KPOP LOGIC QUIZ
3
A Taylor Swift Logic Puzzle
4
Guess the Taylor Swift song (Mystery Song)
5
Taylor Swift Logic Puzzle
6
K-Pop Murder Mystery Logic Quiz
7
kpop group name match up
8
Guess The Taylor Swift Lyrics Song #1
9
Kpop murder mystery 1
10
K-Pop : 100 Debut Songs (Part 1 of 3)
Explore More
Trending Topics
Disney
Harry Potter
NBA
Crossword
Kpop
Marvel
Anime
Soccer
WWE
Country
Puzzle
NFL
Song
The Office
Pokémon
hide this ad
More By:
FelixtheBear
Quiz
Plays
Rating
Category
Featured
Created
The Mongolia Quiz
22,954
4.69
Geography
May 11, 2011
The Simpsons: That's a Paddlin'
8,973
4.56
Television
Jan 7, 2012
Largest Peruvian Cities by Population
1,898
4.20
Geography
Oct 18, 2010
'The Night They Drove Old Dixie Down' Lyrics
1,675
4.62
Music
Dec 12, 2011
SNL and The Daily Show Actors on Community
771
4.63
Television
Jan 9, 2012
Go to Creator's Profile
Score Distribution
Quiz Creator Spotlight
FelixtheBear
Follow
Send a Message
Quizzes Created
-
Created Quiz Play Count
-
More By This Creator
Popular Quizzes Today
1
Countries of Asia Without Outlines Minefield
2
Find the US States - No Outlines Minefield
3
Pick 6: Fruits
4
Alphabetical 'K' Countries by Flag Minefield
5
The Countries of the World
6
Find the US States
7
US States
8
Find the Countries of Europe - No Outlines Minefield
More Music Quizzes
KPOP FANDOM
Quiz Lab
Trending Quizzes
Pick 6: Mountains
Pick 6: Harry Potter
Pick 6: Flags
Pick 6: NFL Teams
Pick 6: Movie Franchises
Recently Updated
NWSL Teams
pecheneg
Women's Final Four Teams by Year
bhenderson79
Presidents Quartet II
eogle
Anything But Clue(do)
eogle
Anything But Oceanian Capitals
eogle
Anything But 7
eogle
Anything But Thing
eogle
Word Ladder: February 29
pecheneg
Song Title Questions
pecheneg
Women's NCAA Tournament #1 Seeds
pecheneg
Trending Topics
Kpop
Disney
Crossword
Marvel
NBA
Harry Potter
Anime
NFL
The Office
Soccer
Country
WWE
Pokémon
Song
Puzzle
Your Account Isn't Verified!
In order to create a playlist on Sporcle, you need to verify the email address you used during registration. Go to your
Sporcle Settings
to finish the process.
Report this User
Report this user for behavior that violates our
Community Guidelines
.
Details:
Send Report
Go to the Sporcle.com Mobile Site →
Comments